السيبرانية والسيكولوجيا الرقمية / (Record no. 67696)
[ view plain ]
| 000 -الفاتح | |
|---|---|
| حقل البيانات ثابتة الطول | 00792nam a2200217Ia 4500 |
| 005 - وقت وتاريخ اخر تعامل مع التسجيلة | |
| رقم الضبط | 20250622124038.0 |
| 008 - عناصر البيانات ثابتة الطول - معلومات عامة | |
| حقل البيانات ثابتة الطول | 250617s9999||||xx |||||||||||||| ||ara|| |
| 017 ## - رقم الايداع القانونى | |
| رقم الايداع القانونى | 2024/17339 |
| المصدر ( الهيئة المختصة) | مصر. دار الكتب |
| 020 ## - الرقم الدولى المعيارى للكتب | |
| الرقم الدولى المعيارى للكتاب | 9789777552295 |
| 082 04 - رقم تصنيف ديوى العشرى | |
| رقم التصنيف | "616,89142" |
| رقم المادة | م س |
| 100 0# - المدخل الرئيسى - إسم شخصى | |
| الإسم الشخصى | مى السيد عبد الشافى خفاجة |
| 245 10 - بيان العنوان | |
| العنوان | السيبرانية والسيكولوجيا الرقمية / |
| بيان المسئوليه,etc | إعداد مى السيد عبد الشافى خفاجة |
| 250 ## - بيان الطبعة | |
| بيان الطبعة | ط1 |
| 260 3# - PUBLICATION, DISTRIBUTION, ETC. (IMPRINT) | |
| تاريخ النشر أو التوزيع | 2025. |
| 300 ## - الوصف المادى | |
| التعداد | 287ص ؛ |
| تفاصيل ماديه اخرى للوعاء | |
| أبعاد الوعاء | 24سم. |
| 650 ## - المدخل الاضافى بالموضوع-مصطلح موضوعى | |
| مصطلح موضوعي | السلوك (علم نفس) |
| 650 ## - المدخل الاضافى بالموضوع-مصطلح موضوعى | |
| مصطلح موضوعي | السيبرانية |
| 650 ## - المدخل الاضافى بالموضوع-مصطلح موضوعى | |
| مصطلح موضوعي | العلاج السلوكى |
| 942 ## - عناصر المدخل الإضافي( كوها) | |
| Koha [default] item type | كتاب |
| 260 3# - PUBLICATION, DISTRIBUTION, ETC. (IMPRINT) | |
| -- | القاهرة : |
| -- | "دار السحاب للنشر والتوزيع،" |
| حالة التراجع | حالة الفقد | حالة تلف | ليس للاعارة | المكان المؤقت | الموقع الحالى | موقع الترفيف | تاريخ الاكتساب | اجمالي اﻻعارات | تاريخ اخر مشاهدة | تاريخ تفعيل السعر | نوع وعاء كوها |
|---|---|---|---|---|---|---|---|---|---|---|---|
| مكتبة القاهرة الكبرى | مكتبة القاهرة الكبرى | قاعة العلوم التطبيقية_ك عربى | 06/22/2025 | 06/22/2025 | 06/22/2025 | كتاب |

